Statistics for Provinces of the Roman Empire

Click here to take the quiz!

General Stats

  • This quiz has been taken 119 times
  • The average score is 13 of 42

Answer Stats

Province% Correct
Italia
77%
Syria
54%
Asia
50%
Britannia
50%
Dacia
50%
Judea
49%
Lusitania
49%
Germania Inferior
46%
Germania Superior
45%
Dalmatia
42%
Pannonia Inferior
37%
Aegyptus
36%
Noricum
36%
Raetia
36%
Thracia
36%
Macedonia
35%
Pannonia Superior
35%
Belgica
33%
Cyprus
33%
Moesia Inferior
33%
Moesia Superior
33%
Baetica
31%
Achaia
29%
Narbonensis
29%
Cappadocia
27%
Lugdunensis
27%
Aquitania
26%
Tarraconensis
26%
Cilicia
24%
Africa Proconsularis
23%
Epirus
23%
Galatia
22%
Alpes Maritimae
19%
Corsica et Sardinia
19%
Alpes Cottiae
17%
Mauretania Caesariensis
14%
Mauretania Tingitana
14%
Bythinia et Pontus
12%
Creta et Cyrenaica
12%
Arabia Petraea
9%
Lycia et Pamphylia
9%
Alpes Graiae
6%

Score Distribution

Percentile by Number Answered

Percent of People with Each Score

Your Score History

You have not taken this quiz